000 00362nam a22001337a 4500
008 150812t xxu||||| |||| 00| 0 eng d
020 _a1855737752
082 _a574.19
100 _aA.T. Andrews and J. Varley
_91017
245 _aBiochemistry of Milk products
260 _aCambridge england
_bwoodhead publishing limited
_c2004
300 _a181
942 _2ddc
_cBK
999 _c17287
_d17287